000 00895cam a22002657a 4500
001 000002399
005 20260219101335.0
008 921231s1993 wau b 000 0 spa
020 _a0827031696
040 _aDO-SdBNP
_bspa
_cBNPHU
082 _a371.822
_bB575p
100 1 _aBöhm, Winfried
_97617
245 1 1 _a¿Pedagogía masculina - educación femenina? /
_cWinfried Böhm.
260 _aWashington, D. C. :
_bOrganización de los Estados Americanos (OEA),
_c1993.
300 _axiii, 126 p. ;
_c23 cm.
490 1 _aInteramer
_v25
504 _aBibliografía: p. 113-126
650 0 _aMujeres
_xEducacion
_97618
650 4 _aDiscriminacion sexual en la educacion
_97619
650 4 _aEducación sexual
_92374
650 4 _aDiferencias sexuales (psicología)
_97620
830 0 _aInteramer
_v25
_93423
910 _aCatalogación por copia / LC
910 _aJornada de catalogación
999 _c2237
_d2237